It looks like you're offline.
Open Library logo
additional options menu

MARC record from Internet Archive

LEADER: 01971cam 2200433 a 4500
001 brdocm30816254
003 PWmBRO
005 20000515114856.0
008 000512r19991998nyua 000 1 eng d
010 $z97053226
020 $a0425169308 (pbk.)
040 $aPWmBRO
082 04 $a813/.54$221
092 $aF$bGard
100 1 $aGardner, Craig Shaw.
245 10 $aSpider-man :$bwanted dead or alive /$cCraig Shaw Gardner ; illustrations by Bob Hall.
260 $aNew York :$bByron Preiss Multimedia Co. :$bBerkley Boulevard Books,$c1999.
300 $a310 p. :$bill. ;$c18 cm.
490 1 $aMarvel comics
500 $aOriginally published: New York : Byron Preiss Multimedia Co., c1998.
650 0 $aSpider-Man (Fictitious character)$vFiction.
655 7 $aAdventure stories.$2lcsh
700 1 $aHall, Bob,$cartist,$eill.
830 0 $aMarvel comics (New York, N.Y.)
907 $a.b16968621$b01-06-09$c07-21-03
998 $am6$b07-01-03$cm$da$e-$feng$gnyu$h0$i10
935 $aAFW-5902
949 $a011336$b31223051618065$c6.99$n[TEEN] F Gard$q01$d05/31/2000$lY
949 $a010136$b31223051619881$c6.99$n[TEEN] F Gard$q01$d05/31/2000$lY
949 $a010136$b31223051619899$c6.99$n[TEEN] F Gard$q01$d05/31/2000$lY
949 $a010336$b31223051619998$c6.99$n[TEEN] F Gard$q01$d05/31/2000$lY
949 $a010836$b31223051619600$c6.99$n[TEEN] F Gard$q01$d05/31/2000$lY
949 $a011036$b31223051619709$c6.99$n[TEEN] F Gard$q01$d05/31/2000$lY
949 $a011436$b31223051619618$c6.99$n[TEEN] F Gard$q01$d05/31/2000$lY
949 $a011936$b31223051619717$c6.99$n[TEEN] F Gard$q01$d05/31/2000$lY
949 $a012536$b31223051619626$c6.99$n[TEEN] F Gard$q01$d05/31/2000$lY
949 $a013752$b31223051619725$c6.99$n[TEEN] F Gard$q01$d05/31/2000$lY
949 $a013752$b31223051619733$c6.99$n[TEEN] F Gard$q01$d05/31/2000$lY
945 $aTEEN F Gard$g1$i31223051619899$lm6tpb$o-$p$6.99$q-$r-$s-$t1$u39$v6$w4$x2$y.i34020123$z08-20-03